Physics for scientists and engineers / (Record no. 963)

MARC details
000 -LEADER
fixed length control field 00921nac a22002891i 4500
003 - CONTROL NUMBER IDENTIFIER
control field EG-ScBUE
005 - DATE AND TIME OF LATEST TRANSACTION
control field 20250317090740.0
008 - FIXED-LENGTH DATA ELEMENTS--GENERAL INFORMATION
fixed length control field 100906t1999 nyua f 001 0 eng d
020 ## - INTERNATIONAL STANDARD BOOK NUMBER
International Standard Book Number 1572596732
020 ## - INTERNATIONAL STANDARD BOOK NUMBER
International Standard Book Number 9781572596733
040 ## - CATALOGING SOURCE
Original cataloging agency EG-ScBUE
Language of cataloging eng
Description conventions rda
Transcribing agency EG-ScBUE
Modifying agency EG-ScBUE
082 04 - DEWEY DECIMAL CLASSIFICATION NUMBER
Classification number 530
Item number TIP
Edition number 22
100 1# - MAIN ENTRY--PERSONAL NAME
Personal name Tipler, Paul Allen,
9 (RLIN) 18369
Dates associated with a name 1933-
Relator term author.
245 10 - TITLE STATEMENT
Title Physics for scientists and engineers /
Statement of responsibility, etc Paul A. Tipler.
250 ## - EDITION STATEMENT
Edition statement Fourth edition.
264 #1 - PUBLICATION, DISTRIBUTION, ETC. (IMPRINT)
Place of publication, distribution, etc New York :
Name of publisher, distributor, etc W.H. Freeman and Company / Worth Publishers, Inc.,
Date of publication, distribution, etc [1999]
264 #4 - PUBLICATION, DISTRIBUTION, ETC. (IMPRINT)
Date of publication, distribution, etc c1999
300 ## - PHYSICAL DESCRIPTION
Extent 1 volume (various pagings) :
Dimensions illustrations ;
Other physical details 31 cm
336 ## - CONTENT TYPE
Source rdacontent
Content type term text
Content type code txt
337 ## - MEDIA TYPE
Media type term unmediated
Source rdamedia
Media type code n
338 ## - CARRIER TYPE
Carrier type term volume
Carrier type code nc
Source rdacarrier
500 ## - GENERAL NOTE
General note Includes index.
500 ## - GENERAL NOTE
General note Includes Appendices.<br/>
650 #7 - SUBJECT ADDED ENTRY--TOPICAL TERM
Topical term or geographic name as entry element Physics
Form subdivision Textbooks.
Source of heading or term BUEsh
655 ## - INDEX TERM--GENRE/FORM
Form subdivision Reading book
942 ## - ADDED ENTRY ELEMENTS (KOHA)
Koha item type Book - Borrowing
Source of classification or shelving scheme Dewey Decimal Classification
Holdings
Withdrawn status Lost status Source of classification or shelving scheme Damaged status Not for loan Collection code Home library Current library Shelving location Date acquired Cost, normal purchase price Total Checkouts Full call number Barcode Date last seen Cost, replacement price Price effective from Koha item type Source of acquisition Date checked out Checked out Total Renewals
    Dewey Decimal Classification     Baccah Central Library Central Library First floor 06/08/2013 220.00 1 530 TIP 000003555 15/07/2025 275.00 13/08/2006 Book - Borrowing        
    Dewey Decimal Classification     Baccah Central Library Central Library First floor 06/09/2006 220.00 1 530 TIP 000003068 15/07/2025 275.00 06/09/2006 Book - Borrowing Purchase 25/08/2015    
    Dewey Decimal Classification     Baccah Central Library Central Library First floor 06/09/2007 220.00 1 530 TIP 000005428 10/04/2025 275.00 06/09/2007 Book - Borrowing Purchase 10/04/2025 17/04/2025  
    Dewey Decimal Classification     Baccah Central Library Central Library First floor 06/09/2007 220.00 1 530 TIP 000005429 15/07/2025 275.00 06/09/2007 Book - Borrowing Purchase 02/07/2017   3